People by Images - 'N' - Statistics

General Stats
  • This quiz has been taken 56 times
  • The average score is 8 of 16
Answer Stats
Picture Hint Answer % Correct
Emperor Napoleon Bonaparte
98%
Astronaut Neil Armstrong
94%
Inventor Nikola Tesla
89%
Tsar Nicholas II
85%
First Lady Nancy Reagan
74%
Actress Natalie Portman
57%
Singer Nick Jonas
57%
Astronomer Nicolaus Copernicus
53%
Prime Minister Neville Chamberlain
42%
Prime Minister Narendra Modi
40%
Tennis Player Novak Djokovic
38%
Astrologer Nostradamus
30%
Figure Skater Nancy Kerrigan
26%
Singer Nelly Furtado
21%
Novelist Nathaniel Hawthorne
15%
Soprano Nellie Melba
8%
No matching quizzes found
Score Distribution
Percent of People with Each Score
Percentile by Number Answered
Your Score History
You have not taken this quiz